000 00840nam a2200265 i 4500
001 bgj
245 1 0 _aDer Kriminalroman :
_bText zur Theorie und Kritik /
_chrsg. von Jürgen-Wolfgang Goette und Hartmut Kircher.
250 _a2. Aufl.
260 _aFrankfurt am Main ;
_aBerlin ;
_aMünchen :
_bVerlag Moritz Diesterweg
_cc. 1980.
300 _aIV, 139 s. ;
_c18 cm.
490 1 _aTexte und Materialien zum Literaturunterricht
504 _aBibliogr. s. 132-139.
650 9 _aLiteratura niemiecka
700 1 _aGOETTE, Jürgen-Wolfgang.
700 1 _aKIRCHER, Hartmut.
830 _aTexte und Materialien zum Literaturunterricht
020 _a3425062298
040 _cBPK
041 0 _ager
044 _aDEU
080 _a821.112.2
920 _a3-425-06229-8
942 _cKS
008 s gw f |000 0 ger
999 _c50423
_d50423
856 _uhttp://koha.tu.koszalin.pl/cgi-bin/koha/opac-detail.pl?biblionumber=50423
_yKatalog online BPK